000 00563nam a22001817a 4500
003 UA-OsUOA
001 18981
007 ta
008 20040629b un ||||| |||| 00| 0 ukr d
100 _aПасічник М.
942 _cSA
040 _aUA-OsUOA
_cUA-OsUOA
_dUA-OsUOA
245 _aМрії, бажання та можливості
_b[Упр. містобудування та архітектури - 45 р.]
300 _aС.6
955 _a0
773 0 _w0
_tСім днів
_dРівне
_d2004
_g№25/18 черв./
650 7 _aАрхітектура
_2UDC
999 _c305152
_d305152